Statistiques concernant Culture Générale - Série 257

Cliquez ici pour prendre le quiz!

Statistiques générales

  • Ce quiz a été pris 360 fois
  • Le résultat moyen est 7 sur 10

Statistiques - réponses

QuestionRéponse% Correct
Quel département français porte le numéro 01 ?L'Ain
95%
Dans quel Etat d'Amérique du Nord se situe la ville de Los Angeles ?La Californie
92%
En athlétisme, quel est le nom du bâton que les coureurs se passent dans un relais ?Le Témoin
77%
Dans la Bible, quel arbre associé à la colombe est devenu un symbole de paix ?L'olivier
76%
De quel légume la bintje et la ratte sont- elles des variétés ?La pomme de terre
72%
Quel plat d'origine libanaise mêle tomates, blé concassé, persil, oignons et menthe ?Le taboulé
62%
Sous quel pseudonyme connaît-on mieux la chanteuse Yolanda Gigliotti ?Dalida
61%
Quel adjectif relatif à l'aigle qualifie un nez recourbé ?Aquilin
56%
Dans quelle ville Tom Hanks passe-t-il des "nuits blanches" avec Meg Ryan ?Seattle
52%
Que faut-il chercher selon une chanson de Taxi-Girl de 1980 ?Le garçon
34%

Distribution des résultats

Percentile par nombre de réponses

% des personnes avec chaque résultat

Votre développement - résultats

Vous n’avez pas pris ce quiz